| 000 | 01930nam0a2200337 4500 | ||
|---|---|---|---|
| 001 | RU\NLR\BIBL_A\012160558 | ||
| 005 | 20191224124135.0 | ||
| 010 |
_a978-5-6043087-5-2 _91000 |
||
| 021 |
_aRU _bКН-П-19-084537 _9КН-П-19-6143 |
||
| 035 | _a(NLR Aleph) 012160558 | ||
| 035 | _a(RuMoRGB)010149236 | ||
| 090 |
_a12187915 _c12187915 |
||
| 100 | _a20191210d2019 u y0rusy50 ca | ||
| 101 | 0 | _arus | |
| 102 | _aRU | ||
| 105 | _aach|wzzz000zd | ||
| 200 | 1 |
_aСвятой преподобноисповедник Гавриил (Игошкин) _eжитие преподобноисповедника Гавриила (Игошкина) _eписьма и проповеди, духовные повести и рассказы _fавтор-составитель: Людмила Владимировна Куликова - действительный член Императорского Православного Палестинского общества |
|
| 205 | _a[Изд. 4-е, испр. и доп.] | ||
| 210 |
_aСимбирск _c[б. и.] _d2019 _aМосква |
||
| 215 |
_a375 с., [35] л. ил., цв. ил., портр. факс. _cфакс. _d31 |
||
| 300 | _aНа обл. авт.: Людмила Куликова | ||
| 600 | 0 |
_aГавриил _cИгошкин, Иван Иванович _cархимандрит Мелекесский _f1888-1959 _92293132 _3RU\NLR\AUTH\6601600543 |
|
| 686 | 2 | _aЭ372.24-574.8 | |
| 702 | 0 |
_4570 _7ca _8rus _aГавриил _cИгошкин, Иван Иванович _cархимандрит Мелекесский _f1888-1959 _960724 _3RU\NLR\AUTH\7777796 |
|
| 702 | 1 |
_4220 _7ca _8rus _aКуликова _bЛ. В. _cисторик _f1958- _gЛюдмила Владимировна _960725 _3RU\NLR\AUTH\7777797 |
|
| 942 | _cBOOK | ||
| 980 | _aNBR | ||
| 980 | _aNB | ||